Emojis nach Buchstabe - N - Statistiken

Allgemein
  • Dieses Quiz wurde 68 mal gespielt
  • Das Durchschnittsergebnis liegt bei 17 aus 28
Antwortstatistiken
Emoji beginnend mit N Lösung % Korrekt
🦏 Nashorn
100%
🐽 Nase
98%
💅🏾 Nagellack
93%
🇳🇱 Niederlande
93%
🇳🇴 Norwegen
90%
🕸 Netz
88%
🗒 Notizblock
83%
🎼 Notenschlüssel
81%
🦛 Nilpferd
76%
🥷🏾 Ninja
76%
🇳🇬 Nigeria
72%
🇲🇰 Nordmazedonien
71%
🍜 Nudeln
71%
💉 Nadel
69%
🇳🇵 Nepal
69%
🤔 Nachdenken
64%
🇳🇪 Niger
60%
🌑 Neumond
45%
🌫 Nebel
41%
🪹 Nest
41%
🧜🏿‍♀️ Nixe
41%
😐 Neutral
40%
📰 Nachricht
34%
🍮 Nachtisch
19%
🇳🇨 Neukaledonien
19%
🇳🇺 Niue
16%
🇳🇫 Norfolkinsel
10%
📛 Namensschild
2%
Keine übereinstimmenden Quizze gefunden
Verteilung der Resultate
Anzahl Personen mit jedem Resultat
Perzentil nach korrekt beantworteten Fragen
Ihre Resultats-Entwicklung
Sie haben dieses Quiz noch nicht gespielt